<?xml version="1.0" encoding="UTF-8"?><?xml-stylesheet type="text/xsl" href="static/style.xsl"?><OAI-PMH xmlns="http://www.openarchives.org/OAI/2.0/" xmlns:xsi="http://www.w3.org/2001/XMLSchema-instance" xsi:schemaLocation="http://www.openarchives.org/OAI/2.0/ http://www.openarchives.org/OAI/2.0/OAI-PMH.xsd"><responseDate>2026-04-13T03:09:04Z</responseDate><request verb="GetRecord" identifier="oai:www.recercat.cat:2072/412722" metadataPrefix="marc">https://recercat.cat/oai/request</request><GetRecord><record><header><identifier>oai:recercat.cat:2072/412722</identifier><datestamp>2024-11-24T23:40:58Z</datestamp><setSpec>com_2072_98</setSpec><setSpec>col_2072_378192</setSpec></header><metadata><record xmlns="http://www.loc.gov/MARC21/slim" xmlns:dcterms="http://purl.org/dc/terms/" xmlns:xsi="http://www.w3.org/2001/XMLSchema-instance" xmlns:doc="http://www.lyncode.com/xoai" xsi:schemaLocation="http://www.loc.gov/MARC21/slim http://www.loc.gov/standards/marcxml/schema/MARC21slim.xsd">
   <leader>00925njm 22002777a 4500</leader>
   <datafield ind2=" " ind1=" " tag="042">
      <subfield code="a">dc</subfield>
   </datafield>
   <datafield ind2=" " ind1=" " tag="720">
      <subfield code="a">Perego, Elisa</subfield>
      <subfield code="e">author</subfield>
   </datafield>
   <datafield ind2=" " ind1=" " tag="720">
      <subfield code="a">Laskowska, Monika</subfield>
      <subfield code="e">author</subfield>
   </datafield>
   <datafield ind2=" " ind1=" " tag="720">
      <subfield code="a">Matamala, Anna</subfield>
      <subfield code="e">author</subfield>
   </datafield>
   <datafield ind2=" " ind1=" " tag="720">
      <subfield code="a">Remael, Aline</subfield>
      <subfield code="e">author</subfield>
   </datafield>
   <datafield ind2=" " ind1=" " tag="720">
      <subfield code="a">Robert, Isabelle</subfield>
      <subfield code="e">author</subfield>
   </datafield>
   <datafield ind2=" " ind1=" " tag="720">
      <subfield code="a">Szarkowska, Agnieszka</subfield>
      <subfield code="e">author</subfield>
   </datafield>
   <datafield ind2=" " ind1=" " tag="720">
      <subfield code="a">Vilaró, Anna</subfield>
      <subfield code="e">author</subfield>
   </datafield>
   <datafield ind2=" " ind1=" " tag="720">
      <subfield code="a">Bottiroli, Sara</subfield>
      <subfield code="e">author</subfield>
   </datafield>
   <datafield ind2=" " ind1=" " tag="260">
      <subfield code="c">2016</subfield>
   </datafield>
   <datafield ind2=" " ind1=" " tag="520">
      <subfield code="a">Recent research on the reception of interlingual subtitling revealed that it is cognitively effective: watching a subtitled film results in a good understanding of the film content, it does not require a significant tradeoff between image processing and text processing, and it leads to a good performance in the recognition of the words and expressions contained in the subtitles. To date, the studies that revealed the effectiveness of subtitle processing have been conducted mono-nationally - e.g. d'Ydewalle and De Bruycker (2007) in Belgium; Wissmath et al. (2009) in Switzerland; Perego et al. (2010, 2015) in Italy; Hinkin et al. (2014) in the US. However, it has not yet been demonstrated empirically whether subtitle effectiveness varies depending on the familiarity of viewers with subtitles. The crossnational study described in this paper aims to fill this gap and appraise the cognitive performance and overall appreciation of a moderately complex subtitled film by viewers with different degrees of familiarity with subtitles, i.e., viewers living in countries (Italy, Spain, Poland and Dutch-speaking Belgium) with different audiovisual translation traditions. The main findings reveal that subtitling is effective irrespective of users' familiarity with it, although it is not enjoyed equally among the tested populations.</subfield>
   </datafield>
   <datafield tag="653" ind2=" " ind1=" ">
      <subfield code="a">Cross-national</subfield>
   </datafield>
   <datafield tag="653" ind2=" " ind1=" ">
      <subfield code="a">Reception</subfield>
   </datafield>
   <datafield tag="653" ind2=" " ind1=" ">
      <subfield code="a">Subtitling</subfield>
   </datafield>
   <datafield tag="653" ind2=" " ind1=" ">
      <subfield code="a">Familiarity</subfield>
   </datafield>
   <datafield tag="653" ind2=" " ind1=" ">
      <subfield code="a">Processing effectiveness</subfield>
   </datafield>
   <datafield ind2="0" ind1="0" tag="245">
      <subfield code="a">Is subtitling equally effective everywhere? A first cross-national study on the reception of interlingually subtitled messages</subfield>
   </datafield>
</record></metadata></record></GetRecord></OAI-PMH>